000 00998nas a2200301 4500
001 BR8602045
003 BR-BrBNA
005 20231205090434.0
007 ta
008 230509b bl.|||p| |||| 00| 00por d
040 _aBR-BrBNA
_bpor
_cBiblioteca Nacional de Agricultura
041 _a(Pt)
072 _aQ02
100 1 _aMancilha, I.M. de
100 1 _aTeixeira, M.A.
100 1 _aPereira, A.S.
100 1 _aConde, A.R.
245 1 _aUtilizacao da casca do fruto do cacaueiro para a producao de proteina microbiana [Theobroma cacao, Brasil]
_bParte de tese
246 1 _aUtilization of cacao pod husk as substrate for single cell protein production
_bPart of thesis
650 _aCACAU
650 _aFRUTO
650 _aCASCA
650 _aPROTEINA MICROBIANA
773 0 _tRevista Theobroma (Brazil)
_xISSN 0370-7962
_g(Apr-Jun 1985), v. 15(2) p. 65-72
_wBR8602045
856 4 0 _dLink DSPACE/MAPA BR8602045
909 _a202311
_bLúcia
_c55
_dLúcia Elande
942 _2AGRIS
_n0
_cANA
999 _c118417
_d118417